00988nam a2200145 45000010006000000050017000060100018000231000041000412000023000822140013001053230027001183300659001456100015008047000023008191403020260226151113.0 a9782487746268 a20260226d u||y0frey50 ba aLa DétentebLIVR cesse que a20 personnages et plus aSuzanne est professeure de musique au collège. Elle mène une vie paisible dans une maison située sur le bord d’une crique à l’eau exceptionnellement fraîche. La vie de Suzanne est bouleversée le jour où la destruction de la crique est annoncée. Une centrale nucléaire sera construite. Dans la région, un mouvement de contestation s’organise contre le projet. Mouvement massif qui, d’abord pacifique, se radicalise progressivement. La pièce raconte l’histoire de ce mouvement du point de vue de Suzanne qui, de paisible citoyenne, va se transformer en militante acharnée. En bout de course, Suzanne pressera la détente. aécologie aGautierbRaphaël